000 00285nam a22001337a 4500
008 171010b xxu||||| |||| 00| 0 eng d
020 _a079140272-X
041 _aeng
080 _a316
100 _a50
101 _aSOC
245 _aCONFESSING EXCESS
_cSPITZACK,C
942 _2udc
_cBK
999 _c32746
_d32746